000 01880cam a22002054a 4500
005 20250605164136.0
008 250528s ||||||||||||||||||||||||d
035 _a18767
020 _a9603513539
040 _aGR-AtMCL
_bgre
_dGR-AtMCL
_eAACR2
245 1 _aΑσκήσεις Μικροοικονομικής Θεωρίας
250 _a
260 _bΣταμούλης Α,
_c2001
300 _a448
520 _aΠρόλογος, Θεωρία Συμπεριφοράς Καταναλωτή: Ζήτηση Αγορών, Θεωρία Χρησιμότητας, Θεωρία Συμπεριφοράς του Καταναλωτή (Θεωρία Ζήτησης), Ελαστικότητες και Θεωρία Προόδου, Ισορροπία στην Αγορά Αγαθού, Θεωρία Παραγωγής και Κόστους: Ανάλυση Προσφοράς, Παραγωγή με Δύο Μεταβλητές Εισροές - Διαδικασία Μεγιστοποίησης της Παραγωγής, Θεωρία Κόστους, Μορφές Αγοράς των Αγαθών, Θεωρία Ελεύθερου Ανταγωνισμού - Μονοπωλίου - Μονοπωλιακού Ανταγωνισμού - Ολιγοπωλίου, Θεωρία Άριστης Κατανομής - Θεωρία Οικονομικής Ευημερίας - Θεωρία Γενικής Ισορροπίας, Θεωρία Διανομής, Η Ανάλυση (Θεωρία) της Διανομής με Βάση τη Θεωρία της Οριακής Παραγωγικότητας σε Καθεστώς τελείως Ανταγωνιστικών Αγορών και Ατελώς Ανταγωνιστικών Αγορών, Ερωτήσεις, Βιβλιογραφία.
700 1 _aΠαλαιολόγος Γιάννης
_95013
942 _cBK
999 _c4083
_d4083